Lecciones de endocrinología / (Record no. 97287)
[ view plain ]
| 000 -LEADER | |
|---|---|
| campo de control de longitud fija | 00532ntm a2200193 i 4500 |
| 001 - NÚMERO DE CONTROL | |
| campo de control | 97287 |
| 003 - IDENTIFICADOR DE NÚMERO DE CONTROL | |
| campo de control | ES-MaACL |
| 005 - FECHA Y HORA DE LA ÚLTIMA TRANSACCIÓN | |
| campo de control | 20231228062655.0 |
| 007 - CAMPO FIJO DE DESCRIPCIÓN FÍSICA--INFORMACIÓN GENERAL | |
| campo de control de longitud fija | t| |
| 008 - DATOS DE LONGITUD FIJA--INFORMACIÓN GENERAL | |
| campo de control de longitud fija | 050708s1946 sp |||| | spa d |
| 100 1# - ENTRADA PRINCIPAL--NOMBRE DE PERSONA | |
| Nombre de persona | Marañón, Gregorio, |
| Fechas asociadas al nombre | 1887-1960 |
| 9 (RLIN) | 76311 |
| 245 10 - MENCIÓN DEL TÍTULO | |
| Título | Lecciones de endocrinología / |
| Mención de responsabilidad, etc. | Prof. G. Marañón. |
| 260 ## - PUBLICACIÓN, DISTRIBUCIÓN, ETC. | |
| Lugar de publicación, distribución, etc. | [s.l. : |
| Nombre del editor, distribuidor, etc. | s.n.], |
| Fecha de publicación, distribución, etc. | 1946. |
| 300 ## - DESCRIPCIÓN FÍSICA | |
| Extensión | 185 p. ; |
| Dimensiones | 32 cm. |
| 500 ## - NOTA GENERAL | |
| Nota general | Ejemplar mecanografiado. |
| 650 #4 - PUNTO DE ACCESO ADICIONAL DE MATERIA--TÉRMINO DE MATERIA | |
| Término de materia o nombre geográfico como elemento de entrada | Endocrinología. |
| 9 (RLIN) | 144424 |
| 852 ## - LOCALIZACIÓN | |
| Ubicación | ES-MaACL |
| Número de control de estantería | B-753 |
| Estatus retirado | Estado de pérdida | Estado de daño | No para préstamo | Colección | Biblioteca de origen | Biblioteca actual | Ubicación en estantería | Fecha de adquisición | Fuente de adquisición | Total de préstamos | Signatura topográfica completa | Código de barras | Visto por última vez | Precio de reemplazo | Tipo de ítem Koha |
|---|---|---|---|---|---|---|---|---|---|---|---|---|---|---|---|
| Manuscritos | Biblioteca del Ateneo de Madrid | Biblioteca del Ateneo de Madrid | Sala Pardo Bazán | 17/01/2008 | B-753 | 1101564 | 23/02/2023 | 23/02/2023 | Manuscrito |
